000 00826nam a2200229 i 4500
005 20160220105603.0
008 140313b2000 ec ||||| |||| 00| 0 spa d
040 _aCO-BoIAVH
_cCO-BoIAVH
041 _aspa
044 _aec
082 0 4 _a333.783
_bB61b
245 0 0 _aBiodiversidad en el Parque Nacional Llanganates :
_bun aporte de las evaluaciones ecológicas y socioeconómicas rápidas /
_ceditado por Miguel A. Vázquez, Mario Larrea, Luis Suárez.
260 _aQuito :
_bEcoCiencia,
_c2000.
300 _a203 p.
650 1 4 _aParques naturales
_zEcuador.
651 _aParque Nacional Llanganates (Ecuador)
700 1 _aLarrea, Mario,
_eeditor.
700 1 _aVázquez, Miguel A.,
_eeditor.
700 1 _aSuárez, Luis,
_eeditor.
942 _cLIBRO
_2ddc
945 _d2004-08-19
999 _c4087
_d4087